[Event "Arber op 8th"]
[Site "Bodenmais"]
[Date "2019.08.02"]
[Round "7"]
[White "Bensch, Patrick"]
[Black "Kolb, Wolfgang"]
[Result "1-0"]
[WhiteElo "2197"]
[BlackElo "2034"]
[PlyCount "71"]
[EventDate "2019.07.27"]
[EventType "swiss"]
[EventRounds "9"]
[EventCountry "GER"]
[SourceTitle "CBM 191 Extra"]
[Source "ChessBase"]
[SourceDate "2019.09.30"]
[SourceVersion "1"]
[SourceVersionDate "2019.09.30"]
[SourceQuality "1"]

1. c4 c5 2. Nf3 Nc6 3. Nc3 g6 4. d4 cxd4 5. Nxd4 Bg7 6. Nc2 d6 7. e4 Nf6 8. Be2 0-0 9. 0-0 b6 10. Bg5 Bb7 11. Qd2 Rc8 12. f3 Re8 13. Rac1 Ne5 14. b3 Qc7 15. Rfd1 Qb8 16. Nb4 Ned7 17. Nbd5 Nxd5 18. Nxd5 Bxd5 19. cxd5 Kf8 20. Bb5 Red8 21. Bc6 Ne5 22. b4 Rc7 23. b5 Nd7 24. Qf2 Nc5 25. Qh4 h5 26. Rc4 f6 27. Be3 Kf7 28. f4 Rh8 29. Rf1 Qc8 30. f5 Bh6 31. fxg6+ Kxg6 32. Bxh6 Rxh6 33. Rc3 Kh7 34. Rf5 Qf8 35. Rxh5 Nd7 36. Rh3 1-0

[Event "Arber op 8th"]
[Site "Bodenmais"]
[Date "2019.07.29"]
[Round "3"]
[White "Bergmann, Reiner"]
[Black "Kolb, Wolfgang"]
[Result "0-1"]
[WhiteElo "1823"]
[BlackElo "2034"]
[PlyCount "122"]
[EventDate "2019.07.27"]
[EventType "swiss"]
[EventRounds "9"]
[EventCountry "GER"]
[SourceTitle "CBM 191 Extra"]
[Source "ChessBase"]
[SourceDate "2019.09.30"]
[SourceVersion "1"]
[SourceVersionDate "2019.09.30"]
[SourceQuality "1"]

1. e4 d5 2. exd5 Qxd5 3. Nc3 Qd6 4. b3 Nf6 5. Bb2 a6 6. h3 Nc6 7. Nf3 Bf5 8. d3 h6 9. Qd2 e6 10. 0-0-0 0-0-0 11. g4 Bh7 12. Bg2 Nd4 13. Nxd4 Qxd4 14. Nd5 Ba3 15. c3 Bxb2+ 16. Kxb2 Qxd3 17. Qxd3 Bxd3 18. Rxd3 Nxd5 19. Rhd1 c6 20. Bxd5 Rxd5 21. Rxd5 exd5 22. Kc2 Re8 23. Kd3 Kc7 24. h4 g6 25. f3 c5 26. a4 b6 27. Rf1 Kd6 28. Rd1 Re5 29. Rf1 Re7 30. Rd1 Rc7 31. Rb1 Ke5 32. Re1+ Kf4 33. Re3 Rd7 34. Ke2 Kg3 35. h5 gxh5 36. gxh5 Rd6 37. f4+ Kxf4 38. Rf3+ Kg4 39. Rxf7 Kxh5 40. a5 bxa5 41. Rc7 Kg4 42. Rxc5 h5 43. Kf2 h4 44. Rxa5 Rf6+ 45. Kg1 Rc6 46. c4 dxc4 47. bxc4 Kf3 48. Kh2 Ke3 49. Kh3 Kd3 50. c5 Kc4 51. Kxh4 Kb4 52. Ra1 a5 53. Kg3 Rxc5 54. Kf3 a4 55. Ke3 Rd5 56. Rb1+ Kc3 57. Rc1+ Kb2 58. Rc8 a3 59. Rb8+ Kc3 60. Rc8+ Kb4 61. Ke4 Ra5 0-1

[Event "GER-chT Betriebe 15th"]
[Site "Munich"]
[Date "2015.10.23"]
[Round "3.2"]
[White "Kolb, Wolfgang"]
[Black "Reichardt, Peter"]
[Result "1-0"]
[WhiteElo "2058"]
[BlackElo "1941"]
[PlyCount "101"]
[EventDate "2015.10.22"]
[EventType "team-swiss"]
[EventRounds "7"]
[EventCountry "GER"]
[SourceTitle "EXT 2020"]
[Source "ChessBase"]
[SourceDate "2019.10.17"]
[SourceVersion "1"]
[SourceVersionDate "2019.10.17"]
[SourceQuality "1"]
[WhiteTeam "Augsburg Osram II"]
[BlackTeam "Muenchen Bayerische Landesb II"]
[WhiteTeamCountry "GER"]
[BlackTeamCountry "GER"]

1. c4 d6 2. g3 f5 3. Bg2 Nf6 4. Nc3 e5 5. d3 Be7 6. e3 0-0 7. Nge2 c6 8. 0-0 Qe8 9. f4 Qh5 10. b4 Nbd7 11. b5 c5 12. Nd5 Nxd5 13. Bxd5+ Kh8 14. Nc3 Qxd1 15. Rxd1 Bf6 16. Bd2 Rb8 17. a4 b6 18. a5 Bb7 19. Bxb7 Rxb7 20. Nd5 Bd8 21. axb6 axb6 22. Ra8 Nf6 23. Nxf6 gxf6 24. Rda1 Kg7 25. Kf2 Be7 26. Rxf8 Bxf8 27. Kf3 Kg6 28. Ra8 Kf7 29. e4 fxe4+ 30. dxe4 h5 31. f5 Bg7 32. g4 hxg4+ 33. Kxg4 Bf8 34. h4 Kg7 35. Bh6+ Kxh6 36. Rxf8 Kg7 37. Rd8 d5 38. Rxd5 Ra7 39. Rd6 Ra4 40. Rxb6 Rxc4 41. Kh5 Rxe4 42. Rb7+ Kf8 43. Kg6 Rxh4 44. Kxf6 Rh6+ 45. Kxe5 c4 46. f6 Rh1 47. Kd4 Rh4+ 48. Kc3 Rf4 49. f7 Kg7 50. Rc7 Kf8 51. b6 1-0

[Event "Bayern-ch"]
[Site "Rosenheim"]
[Date "2015.08.23"]
[Round "2"]
[White "Wisnet, Dominic"]
[Black "Kolb, Wolfgang"]
[Result "1-0"]
[WhiteElo "2249"]
[BlackElo "2067"]
[PlyCount "115"]
[EventDate "2015.08.22"]
[EventType "swiss"]
[EventRounds "9"]
[EventCountry "GER"]
[SourceTitle "EXT 2019"]
[Source "ChessBase"]
[SourceDate "2018.10.10"]
[SourceVersion "1"]
[SourceVersionDate "2018.10.10"]
[SourceQuality "1"]

1. Nf3 d5 2. c4 c6 3. g3 Nf6 4. Bg2 Bf5 5. Qb3 Qc8 6. Nc3 e6 7. d3 Bd6 8. 0-0 Nbd7 9. Re1 dxc4 10. Qxc4 e5 11. d4 Nb6 12. Qb3 exd4 13. Nxd4 Bh3 14. e4 0-0 15. Bg5 Be5 16. Nf3 Bxg2 17. Kxg2 Nfd7 18. a4 Nc5 19. Qc2 Bxc3 20. Qxc3 Ne6 21. Be3 Qc7 22. Nh4 Nd7 23. Rad1 Nf6 24. f3 Rfd8 25. Nf5 b6 26. Qxc6 Qxc6 27. Ne7+ Kf8 28. Nxc6 Rdc8 29. Rc1 Rc7 30. b4 Rd7 31. Red1 Ke8 32. Kf2 Rxd1 33. Rxd1 Nd7 34. f4 Rc8 35. Nxa7 Rc4 36. f5 Nd8 37. Nb5 Ke7 38. Rd4 Rc2+ 39. Rd2 Rc4 40. e5 Nc6 41. e6 fxe6 42. fxe6 Kxe6 43. Nc7+ Ke7 44. Bg5+ Nf6 45. Bxf6+ Kxf6 46. Nd5+ Ke5 47. b5 Nd4 48. Nxb6 Rb4 49. Ra2 Kd6 50. Ke3 Ne6 51. Kd3 Kc5 52. Kc3 Rb1 53. Re2 Nc7 54. Nd7+ Kd6 55. Rd2+ Nd5+ 56. Kc2 Ra1 57. Kb2 Rxa4 58. Rxd5+ 1-0

[Event "Arber op 4th"]
[Site "Bayerisch Eisenstein"]
[Date "2015.08.09"]
[Round "9"]
[White "Kolb, Wolfgang"]
[Black "Sterck, Arno"]
[Result "0-1"]
[WhiteElo "2067"]
[BlackElo "2138"]
[PlyCount "74"]
[EventDate "2015.08.01"]
[EventType "swiss"]
[EventRounds "9"]
[EventCountry "GER"]
[SourceTitle "EXT 2016"]
[Source "ChessBase"]
[SourceDate "2015.10.08"]
[SourceVersion "1"]
[SourceVersionDate "2015.10.08"]
[SourceQuality "1"]

1. c4 e6 2. Nf3 d5 3. b3 Nf6 4. Bb2 Be7 5. g3 0-0 6. Bg2 c5 7. e3 Nc6 8. 0-0 b6 9. d3 Bb7 10. Nc3 Rc8 11. Qe2 Qc7 12. Rfd1 Rfd8 13. Rac1 Qb8 14. cxd5 exd5 15. Bh3 d4 16. exd4 Nxd4 17. Nxd4 cxd4 18. Bxc8 dxc3 19. Qxe7 Rxc8 20. Ba3 Qa8 21. Re1 Bh1 22. f3 Bxf3 23. h3 Re8 24. Qd6 h5 25. Kf2 Rd8 26. Qe7 Rxd3 27. Re3 Rd2+ 28. Ke1 Qd5 29. Qe5 Rd1+ 30. Rxd1 Qxd1+ 31. Kf2 Bg4 32. Qxc3 Bxh3 33. Re1 Qd5 34. Qf3 Qd4+ 35. Re3 Ng4+ 36. Ke2 Bf1+ 37. Kxf1 Nh2+ 0-1

[Event "Arber op 4th"]
[Site "Bayerisch Eisenstein"]
[Date "2015.08.06"]
[Round "6"]
[White "Kolb, Wolfgang"]
[Black "Ehmann, Thilo"]
[Result "1/2-1/2"]
[WhiteElo "2067"]
[BlackElo "2095"]
[PlyCount "52"]
[EventDate "2015.08.01"]
[EventType "swiss"]
[EventRounds "9"]
[EventCountry "GER"]
[SourceTitle "EXT 2016"]
[Source "ChessBase"]
[SourceDate "2015.10.08"]
[SourceVersion "1"]
[SourceVersionDate "2015.10.08"]
[SourceQuality "1"]

1. c4 c5 2. Nc3 Nf6 3. g3 d5 4. cxd5 Nxd5 5. Bg2 Nc7 6. d3 e5 7. Nf3 Nc6 8. Nd2 Be6 9. 0-0 Be7 10. Bxc6+ bxc6 11. Nc4 f6 12. f4 exf4 13. Bxf4 Nd5 14. Qa4 Qd7 15. Ne4 Nxf4 16. Rxf4 0-0 17. Na5 f5 18. Nc3 Rac8 19. Qc2 Bg5 20. Rf3 Bf7 21. e4 f4 22. gxf4 Bh5 23. Rf2 Bxf4 24. Re1 Qh3 25. Nc4 Bxh2+ 26. Rxh2 Qg3+ 1/2-1/2

[Event "GER-chT Betriebe 14th"]
[Site "Dresden"]
[Date "2014.11.21"]
[Round "4.3"]
[White "Ziller, Christian"]
[Black "Kolb, Wolfgang"]
[Result "1-0"]
[WhiteElo "2071"]
[BlackElo "2067"]
[PlyCount "117"]
[EventDate "2014.11.20"]
[EventType "team-swiss"]
[EventRounds "7"]
[EventCountry "GER"]
[SourceTitle "EXT 2020"]
[Source "ChessBase"]
[SourceDate "2019.10.17"]
[SourceVersion "1"]
[SourceVersionDate "2019.10.17"]
[SourceQuality "1"]
[WhiteTeam "Hamburg Transit"]
[BlackTeam "Augsburg Osram"]
[WhiteTeamCountry "GER"]
[BlackTeamCountry "GER"]

1. d4 Nf6 2. Nf3 e6 3. Bf4 b6 4. e3 Bb7 5. Nbd2 d5 6. Bd3 Be7 7. Qe2 Nbd7 8. h3 Ne4 9. c3 0-0 10. Ne5 Nxd2 11. Qxd2 Nxe5 12. dxe5 c5 13. 0-0 Qc7 14. Qe2 Rfd8 15. Rfd1 a5 16. Rac1 a4 17. a3 Bc6 18. h4 Qb7 19. Qg4 Qd7 20. Bh6 Bf8 21. Bg5 Be7 22. Bf6 Bxf6 23. exf6 g6 24. h5 e5 25. Qg5 Qe6 26. e4 dxe4 27. Bc4 Qf5 28. Qh6 Qxf6 29. hxg6 Qxg6 30. Qe3 Qg4 31. Be2 Qf4 32. Qh3 f5 33. Qh5 b5 34. g3 Be8 35. Qxe8+ Rxe8 36. gxf4 c4 37. fxe5 Rxe5 38. f3 Ra7 39. Rd8+ Kf7 40. fxe4 fxe4 41. Rf1+ Kg7 42. Rf2 Rae7 43. Rg2+ Kf7 44. Rh8 Ke6 45. Kf2 e3+ 46. Ke1 Rd5 47. Rhg8 Kd7 48. Bf3 Rd6 49. R8g7 Rxg7 50. Rxg7+ Ke6 51. Bg4+ Ke5 52. Rd7 Rh6 53. Ke2 Kf4 54. Rd4+ Kg3 55. Kxe3 Rh2 56. Be2 h5 57. Rd5 h4 58. Rg5+ Kh3 59. Bf1+ 1-0

[Event "Arber op 2nd"]
[Site "Bayerisch Eisenstein"]
[Date "2013.07.06"]
[Round "8"]
[White "Stark, Ingo"]
[Black "Kolb, Wolfgang"]
[Result "1-0"]
[WhiteElo "2133"]
[BlackElo "2071"]
[PlyCount "75"]
[EventDate "2013.06.29"]
[EventType "swiss"]
[EventRounds "9"]
[EventCountry "GER"]
[SourceTitle "CBM 155 Extra"]
[Source "ChessBase"]
[SourceDate "2013.08.26"]
[SourceVersion "1"]
[SourceVersionDate "2013.08.26"]
[SourceQuality "1"]

1. e4 d5 2. exd5 Qxd5 3. Nf3 Bg4 4. Be2 Nf6 5. d4 c6 6. h3 Bh5 7. c4 Qa5+ 8. Nc3 e6 9. 0-0 Nbd7 10. Bd2 Bb4 11. a3 Bxc3 12. Bxc3 Qc7 13. Ne5 Bxe2 14. Qxe2 0-0 15. Rad1 Rad8 16. f4 c5 17. Nxd7 Rxd7 18. d5 exd5 19. Bxf6 gxf6 20. Qg4+ Kh8 21. Qf5 Qd8 22. Rxd5 Rxd5 23. cxd5 Qe7 24. Rf3 Rg8 25. Kh2 b6 26. Rd3 Rd8 27. a4 a6 28. b3 b5 29. axb5 axb5 30. h4 Qd6 31. Re3 c4 32. bxc4 bxc4 33. Rg3 Rg8 34. Rc3 Qc5 35. Qxf6+ Rg7 36. Rg3 Qf8 37. d6 Kg8 38. Rxg7+ 1-0

[Event "Arber op 2nd"]
[Site "Bayerisch Eisenstein"]
[Date "2013.07.04"]
[Round "6"]
[White "Kolb, Wolfgang"]
[Black "Sauer, Eric"]
[Result "1/2-1/2"]
[WhiteElo "2071"]
[BlackElo "1901"]
[PlyCount "112"]
[EventDate "2013.06.29"]
[EventType "swiss"]
[EventRounds "9"]
[EventCountry "GER"]
[SourceTitle "CBM 155 Extra"]
[Source "ChessBase"]
[SourceDate "2013.08.26"]
[SourceVersion "1"]
[SourceVersionDate "2013.08.26"]
[SourceQuality "1"]

1. d4 Nf6 2. Bf4 g6 3. e3 Bg7 4. Nf3 0-0 5. h3 d6 6. c4 Nfd7 7. Nc3 e5 8. Bh2 Nc6 9. Be2 f5 10. a3 Qe7 11. Nd5 Qd8 12. 0-0 e4 13. Nd2 Nf6 14. Nxf6+ Bxf6 15. b4 Qe7 16. Rc1 Bg7 17. Qb3 Kh8 18. b5 Nd8 19. c5 Be6 20. cxd6 cxd6 21. Qb4 Nf7 22. Rc3 Rfc8 23. Rfc1 Bf8 24. Rxc8 Rxc8 25. Rxc8 Bxc8 26. b6 axb6 27. Nc4 d5 28. Qxe7 Bxe7 29. Nxb6 Be6 30. a4 Bb4 31. Bb5 Bd6 32. Bd7 Bxh2+ 33. Kxh2 Bxd7 34. Nxd7 Nd6 35. Nb6 Nc4 36. Nxd5 Kg7 37. Kg3 g5 38. f3 exf3 39. gxf3 Kf7 40. Kf2 Ke6 41. e4 Nd6 42. Nc3 Nc4 43. Kg3 h6 44. h4 Na5 45. hxg5 hxg5 46. exf5+ Kxf5 47. Ne4 Nc4 48. d5 Nb6 49. d6 Ke6 50. Kg4 Nxa4 51. Kxg5 Nb6 52. Nc5+ Kxd6 53. Nxb7+ Ke7 54. f4 Nd5 55. f5 Kf7 56. Nd8+ Kg7 1/2-1/2

[Event "Bayern-ch 83th"]
[Site "Bayerisch Eisenstein"]
[Date "2012.08.21"]
[Round "4"]
[White "Kolb, Wolfgang"]
[Black "Heimrath, Reiner"]
[Result "1/2-1/2"]
[WhiteElo "1994"]
[BlackElo "2144"]
[PlyCount "113"]
[EventDate "2012.08.18"]
[EventType "swiss"]
[EventRounds "9"]
[EventCountry "GER"]
[SourceTitle "EXT 2013"]
[Source "ChessBase"]
[SourceDate "2012.11.22"]
[SourceVersion "1"]
[SourceVersionDate "2012.11.22"]
[SourceQuality "1"]

1. c4 g6 2. Nc3 Bg7 3. g3 h5 4. Nf3 b6 5. Bg2 Bb7 6. 0-0 e5 7. d3 Ne7 8. e4 d6 9. Nd5 c6 10. Nxe7 Qxe7 11. Be3 c5 12. a3 Nc6 13. Qa4 0-0 14. b4 Nd8 15. Ra2 Bc8 16. Qc2 Bg4 17. Qd2 Rc8 18. b5 Qd7 19. a4 Nb7 20. Nh4 Bh3 21. Qe2 Ra8 22. Rb1 Bxg2 23. Kxg2 Bf6 24. Nf3 Bd8 25. Nd2 a6 26. Rba1 Na5 27. Ra3 Bc7 28. Bh6 Rfc8 29. Nb1 f6 30. Nc3 Qh7 31. Bd2 Rf8 32. Nd5 Nb7 33. R3a2 a5 34. Rf1 Rf7 35. f4 Raf8 36. Raa1 Bd8 37. h4 exf4 38. Bxf4 g5 39. hxg5 fxg5 40. Bd2 h4 41. Rxf7 Rxf7 42. Rf1 hxg3 43. Kxg3 g4 44. Rxf7 Qh3+ 45. Kf4 Kxf7 46. Be3 Qh6+ 47. Kxg4 Qh4+ 48. Kf3 Qh3+ 49. Kf4 Bf6 50. Nxf6 Kxf6 51. Qg4 Qf1+ 52. Qf3 Qxd3 53. Kg4+ Kg6 54. Qf5+ Kg7 55. Qd7+ Kf6 56. Qf5+ Kg7 57. Qd7+ 1/2-1/2

[Event "Oberliga Wuerttemberg 1112"]
[Site "Wuerttemberg"]
[Date "2012.04.15"]
[Round "9.5"]
[White "Junger, Werner"]
[Black "Kolb, Wolfgang"]
[Result "0-1"]
[WhiteElo "2157"]
[BlackElo "2099"]
[PlyCount "150"]
[EventDate "2011.10.09"]
[EventType "team-tourn"]
[EventRounds "9"]
[EventCountry "GER"]
[SourceTitle "EXT 2019"]
[Source "ChessBase"]
[SourceDate "2018.10.10"]
[SourceVersion "1"]
[SourceVersionDate "2018.10.10"]
[SourceQuality "1"]
[WhiteTeam "Ebersbach"]
[BlackTeam "Willsbach"]
[WhiteTeamCountry "GER"]
[BlackTeamCountry "GER"]

1. e4 e6 2. d4 d5 3. Nd2 Nf6 4. e5 Nfd7 5. Bd3 f5 6. exf6 Nxf6 7. Ngf3 Bd6 8. 0-0 c5 9. dxc5 Bxc5 10. c4 0-0 11. Qe2 Nc6 12. Nb3 Bd6 13. Bg5 Kh8 14. Rac1 Bd7 15. Bb1 Qe7 16. Rfe1 Rae8 17. a3 Qf7 18. Nbd4 Qh5 19. Nxc6 Bxc6 20. Bxf6 gxf6 21. g3 dxc4 22. Nd4 Qxe2 23. Rxe2 Bd5 24. Rce1 Be5 25. Nb5 a6 26. Nc3 Bxc3 27. bxc3 f5 28. f4 Rd8 29. Kf2 Rd6 30. Rb2 Rc8 31. h3 h5 32. Rd2 Rf8 33. Bc2 Kg7 34. Bd1 Rb6 35. Bxh5 Rb3 36. Re3 Rxa3 37. Bf3 Rd8 38. g4 Kg6 39. Kg3 b5 40. g5 b4 41. Bxd5 exd5 42. Re6+ Kf7 43. Rf6+ Kg7 44. Re2 Rxc3+ 45. Kg2 Rd7 46. Ree6 d4 47. h4 Re3 48. Rxa6 Rf7 49. Rfc6 d3 50. h5 Rfe7 51. Rg6+ Kf7 52. Rgf6+ Ke8 53. Ra8+ Kd7 54. Ra7+ Kc8 55. Rc6+ Kb8 56. Rxe7 Rxe7 57. Rxc4 b3 58. Rb4+ Rb7 59. h6 Rxb4 60. h7 b2 61. h8Q+ Ka7 62. Qg7+ Ka6 63. Qf6+ Rb6 64. Qxf5 b1Q 65. Qc8+ Ka7 66. Qc7+ Ka6 67. Qc8+ Ka5 68. Qc3+ Rb4 69. Qc7+ Ka4 70. Qd7+ Kb3 71. Qf7+ Kb2 72. Qf6+ Kc1 73. Qe5 Qb2+ 74. Qxb2+ Rxb2+ 75. Kf3 d2 0-1

[Event "Augsburg Afro op-A 18th"]
[Site "Augsburg"]
[Date "2011.08.05"]
[Round "3"]
[White "Kaufeld, Juergen"]
[Black "Kolb, Wolfgang"]
[Result "1-0"]
[WhiteElo "2260"]
[BlackElo "2064"]
[PlyCount "85"]
[EventDate "2011.08.04"]
[EventType "swiss"]
[EventRounds "7"]
[EventCountry "GER"]
[SourceTitle "EXT 2015"]
[Source "ChessBase"]
[SourceDate "2014.11.20"]
[SourceVersion "1"]
[SourceVersionDate "2014.11.20"]
[SourceQuality "1"]

1. e4 d5 2. exd5 Qxd5 3. Nc3 Qa5 4. d4 Nf6 5. Bc4 Bg4 6. f3 Bh5 7. Qe2 Nc6 8. Be3 0-0-0 9. 0-0-0 e6 10. Qf2 Bg6 11. Nge2 Nb4 12. Bb3 Nfd5 13. Bd2 Nxc3 14. Nxc3 Qb6 15. a3 Nd5 16. Ne4 Be7 17. Rhe1 Rhe8 18. Re2 c6 19. Qe1 Qc7 20. g3 b6 21. Kb1 Nf6 22. Bf4 Qb7 23. g4 c5 24. Nxf6 Bxf6 25. d5 Qd7 26. g5 Be7 27. h4 Bf8 28. Ka2 exd5 29. Bxd5 Qb5 30. c4 Rxe2 31. Qxe2 Qe8 32. Qd2 Be7 33. Qh2 Qd7 34. Rd2 Qf5 35. Rd1 Qd7 36. h5 Bf5 37. Rd2 Be6 38. Qe2 Bxd5 39. Rxd5 Qe6 40. Re5 Qd6 41. Qe4 Bf8 42. Qa8+ Qb8 43. Rxc5+ 1-0

[Event "Augsburg Afro op-A 18th"]
[Site "Augsburg"]
[Date "2011.08.04"]
[Round "2"]
[White "Kolb, Wolfgang"]
[Black "Nuber, Blasius"]
[Result "1/2-1/2"]
[WhiteElo "2064"]
[BlackElo "2286"]
[PlyCount "92"]
[EventDate "2011.08.04"]
[EventType "swiss"]
[EventRounds "7"]
[EventCountry "GER"]
[SourceTitle "EXT 2015"]
[Source "ChessBase"]
[SourceDate "2014.11.20"]
[SourceVersion "1"]
[SourceVersionDate "2014.11.20"]
[SourceQuality "1"]

1. d4 d5 2. Nf3 Nf6 3. Bf4 e6 4. e3 Be7 5. Ne5 0-0 6. Bd3 c5 7. c3 Qb6 8. Qb3 c4 9. Qxb6 axb6 10. Bc2 b5 11. Nd2 b4 12. 0-0 Nfd7 13. Nxd7 Bxd7 14. e4 Ba4 15. Bxa4 Rxa4 16. exd5 exd5 17. cxb4 Rxb4 18. Rab1 Nc6 19. Rfe1 Re8 20. Bd6 Ra4 21. a3 Raa8 22. Bxe7 Rxe7 23. Rxe7 Nxe7 24. Re1 Nc6 25. Nf3 f6 26. Re6 Rd8 27. Kf1 Kf7 28. Re2 g5 29. h3 h5 30. Rd2 Re8 31. Ng1 Re4 32. Ne2 Ke6 33. f3 Re3 34. Nc3 Rd3 35. Rxd3 cxd3 36. Nb5 Kf5 37. Kf2 d2 38. g4+ hxg4 39. hxg4+ Kf4 40. Nc3 d1N+ 41. Nxd1 Nxd4 42. Nc3 Ke5 43. Ke3 Nc6 44. Ne2 d4+ 45. Kd3 Kd5 46. f4 gxf4 1/2-1/2

[Event "Kuppenheim op g/5"]
[Site "Kuppenheim"]
[Date "2004.05.15"]
[Round "2.14"]
[White "Van Wely, Loek"]
[Black "Kolb, Wolfgang"]
[Result "1-0"]
[WhiteElo "2651"]
[BlackElo "2063"]
[PlyCount "47"]
[EventDate "2004.05.14"]
[EventType "swiss"]
[EventRounds "50"]
[EventCountry "GER"]
[SourceTitle "EXT 2005"]
[Source "ChessBase"]
[SourceDate "2004.11.15"]
[SourceVersion "1"]
[SourceVersionDate "2004.11.15"]
[SourceQuality "1"]

1. d4 e6 2. c4 d5 3. Nf3 Bb4+ 4. Bd2 Bxd2+ 5. Qxd2 Nf6 6. Nc3 c6 7. e3 0-0 8. Rc1 Nbd7 9. a3 Re8 10. Bd3 e5 11. dxe5 Nxe5 12. Nxe5 Rxe5 13. 0-0 dxc4 14. Bxh7+ Kxh7 15. Qxd8 b5 16. Rfd1 c5 17. Qc7 Rg5 18. Rd8 Bh3 19. Rxa8 Bxg2 20. f4 Rg6 21. f5 Rg5 22. Qf4 Rg4 23. Qxg4 Nxg4 24. Kxg2 1-0